<?xml version="1.0" encoding="UTF-8"?>
<record
    xmlns:xsi="http://www.w3.org/2001/XMLSchema-instance"
    xsi:schemaLocation="http://www.loc.gov/MARC21/slim http://www.loc.gov/standards/marcxml/schema/MARC21slim.xsd"
    xmlns="http://www.loc.gov/MARC21/slim">

  <leader>00502    a2200169   4500</leader>
  <controlfield tag="003">OSt</controlfield>
  <controlfield tag="005">20240823122007.0</controlfield>
  <controlfield tag="008">231019b        |||||||| |||| 00| 0 eng d</controlfield>
  <datafield tag="020" ind1=" " ind2=" ">
    <subfield code="a">9786030140909</subfield>
  </datafield>
  <datafield tag="040" ind1=" " ind2=" ">
    <subfield code="c">oclc</subfield>
  </datafield>
  <datafield tag="082" ind1=" " ind2=" ">
    <subfield code="a">492.7</subfield>
    <subfield code="b">HUS/A</subfield>
  </datafield>
  <datafield tag="100" ind1=" " ind2=" ">
    <subfield code="a">Fouzil,abdulrahmanbin</subfield>
    <subfield code="9">10483</subfield>
  </datafield>
  <datafield tag="245" ind1=" " ind2=" ">
    <subfield code="a">al-&#x2BB;Arab&#x12B;yah bayna yadayk /</subfield>
    <subfield code="c">Abdu Rahman Bin Ibrahim Fouzil</subfield>
  </datafield>
  <datafield tag="260" ind1=" " ind2=" ">
    <subfield code="a">Riyadh:</subfield>
    <subfield code="b">Arabic For All,</subfield>
    <subfield code="c">2014.</subfield>
  </datafield>
  <datafield tag="300" ind1=" " ind2=" ">
    <subfield code="a">2v</subfield>
  </datafield>
  <datafield tag="942" ind1=" " ind2=" ">
    <subfield code="2">ddc</subfield>
    <subfield code="c">BK</subfield>
    <subfield code="h">492.7</subfield>
    <subfield code="i">HUS/A</subfield>
    <subfield code="k">492.7</subfield>
    <subfield code="m">HUS/A</subfield>
  </datafield>
  <datafield tag="952" ind1=" " ind2=" ">
    <subfield code="0">0</subfield>
    <subfield code="1">0</subfield>
    <subfield code="2">ddc</subfield>
    <subfield code="4">0</subfield>
    <subfield code="7">0</subfield>
    <subfield code="8">LANGUAGE</subfield>
    <subfield code="a">MES</subfield>
    <subfield code="b">MES</subfield>
    <subfield code="c">ARB</subfield>
    <subfield code="d">2023-10-19</subfield>
    <subfield code="l">0</subfield>
    <subfield code="o">492.7 HUS/A</subfield>
    <subfield code="p">42887</subfield>
    <subfield code="r">2023-10-19 10:32:33</subfield>
    <subfield code="t">Vol. 3</subfield>
    <subfield code="v">800.00</subfield>
    <subfield code="w">2023-10-19</subfield>
    <subfield code="y">BK</subfield>
    <subfield code="z">GR4R1</subfield>
  </datafield>
  <datafield tag="952" ind1=" " ind2=" ">
    <subfield code="0">0</subfield>
    <subfield code="1">0</subfield>
    <subfield code="2">ddc</subfield>
    <subfield code="4">0</subfield>
    <subfield code="7">0</subfield>
    <subfield code="8">LANGUAGE</subfield>
    <subfield code="a">MES</subfield>
    <subfield code="b">MES</subfield>
    <subfield code="c">ARB</subfield>
    <subfield code="d">2023-10-19</subfield>
    <subfield code="l">0</subfield>
    <subfield code="o">492.7 HUS/A</subfield>
    <subfield code="p">42886</subfield>
    <subfield code="r">2023-10-19 10:32:33</subfield>
    <subfield code="t">Vol. 2</subfield>
    <subfield code="v">800.00</subfield>
    <subfield code="w">2023-10-19</subfield>
    <subfield code="y">BK</subfield>
    <subfield code="z">GR4R1</subfield>
  </datafield>
  <datafield tag="952" ind1=" " ind2=" ">
    <subfield code="0">0</subfield>
    <subfield code="1">0</subfield>
    <subfield code="2">ddc</subfield>
    <subfield code="4">0</subfield>
    <subfield code="7">0</subfield>
    <subfield code="8">LANGUAGE</subfield>
    <subfield code="a">MES</subfield>
    <subfield code="b">MES</subfield>
    <subfield code="c">ARB</subfield>
    <subfield code="d">2023-10-19</subfield>
    <subfield code="l">0</subfield>
    <subfield code="o">492.7 HUS/A</subfield>
    <subfield code="p">42885</subfield>
    <subfield code="r">2023-10-19 10:33:18</subfield>
    <subfield code="t">Vol. 1</subfield>
    <subfield code="v">800.00</subfield>
    <subfield code="w">2023-10-19</subfield>
    <subfield code="y">BK</subfield>
    <subfield code="z">GR4R1</subfield>
  </datafield>
  <datafield tag="999" ind1=" " ind2=" ">
    <subfield code="c">42655</subfield>
    <subfield code="d">42655</subfield>
  </datafield>
</record>
